LEADER 01260nam0 2200301 450 001 000035990 005 20180619122548.0 100 $a20140226d1927----km-y0itaa50------ba 101 0 $aita 102 $aIT 200 1 $a<> mais e la vita rurale italiana$esaggio di storia agraria$fLuigi Messedaglia 210 $aPiacenza$cFederazione Italiana dei Consorzi Agrari$d1927 215 $a446 p., [21] p. di tav.$cill.$d24 cm 316 $aSul frontespizio dell'esemplare FVig/T41320: Gioacchino Viggiani 23 dicembre 1927 606 1 $aMais$xColtivazione 606 2 $aAgricoltura$xStoria 676 $a633.15$v(22. ed.)$9Cereali. Mais 676 $a630$v(22. ed.)$9Agricoltura e tecnologie connesse 700 1$aMessedaglia,$bLuigi$f<1874-1956>$071592 801 0$aIT$bUniversitą della Basilicata - B.I.A.$gREICAT$2unimarc 912 $a000035990 996 $aMais e la vita rurale italiana$9101328 997 $aUNIBAS CAT $aSTD094$b01$c20140226$lBAS01$h0829 CAT $aTTM$b30$c20140313$lBAS01$h1253 CAT $aATR$b20$c20180619$lBAS01$h1225 FMT Z30 -1$lBAS01$LBAS01$mBOOK$1BASA2$APolo Tecnico-Scientifico$2FVIG$BFondo Viggiani$3FVig/41320$641320$5T41320$7Collocato presso la Scuola di Agraria$820140226$f35$FStanza riservata LEADER 01890nam 2200529 450 001 9910798238003321 005 20230807211515.0 010 $a93-5150-463-8 010 $a93-5150-160-4 035 $a(CKB)3710000000611333 035 $a(EBL)4520178 035 $a(SSID)ssj0001613592 035 $a(PQKBManifestationID)16338734 035 $a(PQKBTitleCode)TC0001613592 035 $a(PQKBWorkID)14911675 035 $a(PQKB)10883622 035 $a(MiAaPQ)EBC4520178 035 $a(EXLCZ)993710000000611333 100 $a20160629h20152015 uy 0 101 0 $aeng 135 $aur|n|---||||| 181 $ctxt 182 $cc 183 $acr 200 00$aWhy you must know this man $ethe life and times of Amit Dutta Gupta /$fedited by Arjun Malhotra, Sushmita Sengupta 210 1$aNew Delhi, India :$cSage,$d2015. 210 4$d©2015 215 $a1 online resource (333 p.) 300 $aDescription based upon print version of record. 311 $a93-5150-038-1 327 $aCover ; Content ; Introduction ; 1. The Beginning ; 2. Friends Forever ; 3. Coke before Computers ; 4. Game Changer ; 5. Profiting by Design ; 6 . Soft Turn to Success ; 7. Amit-The Leader and Mentor ; Khorkaai and Childhood ; Festivities ; Interests ; Unforgettable People ; Love for Nature ; Random Musings; Metamorphosis ; About the Editors 606 $aInformation technology$zIndia 606 $aBusinesspeople$zIndia$vBiography 606 $aComputer engineers$zIndia$vBiography 615 0$aInformation technology 615 0$aBusinesspeople 615 0$aComputer engineers 676 $a621.39092 702 $aMalhotra$b Arjun 702 $aSengupta$b Sushmita 801 0$bMiAaPQ 801 1$bMiAaPQ 801 2$bMiAaPQ 906 $aBOOK 912 $a9910798238003321 996 $aWhy you must know this man$93814847 997 $aUNINA